banner-ar

PROFESSIONAL ENVIRONMENTAL AUDILOR'S GUIDEBOOK / (Record no. 25138)

MARC details
000 -الفاتح
حقل البيانات ثابتة الطول 00523nam a2200181Ia 4500
008 - عناصر البيانات ثابتة الطول - معلومات عامة
حقل البيانات ثابتة الطول 140319s9999 xx 000 0 eng d
040 ## - مصدر الفهرسة
وكالة الفهرسة الأصلية GCL /
وكالة النسخ GCL
082 04 - رقم تصنيف ديوى العشرى
رقم التصنيف 333.7
رقم المادة C P
100 1# - المدخل الرئيسى - إسم شخصى
الإسم الشخصى CHEREMESINOFF, POULN
245 10 - بيان العنوان
العنوان PROFESSIONAL ENVIRONMENTAL AUDILOR'S GUIDEBOOK /
بيان المسئوليه,etc CHEREMESINOFF, POULN
700 1# - المدخل الاضافى - اسم شخصى
الإسم الشخصى CHEREMSINOFF, NICHOLAS
260 ## - PUBLICATION, DISTRIBUTION, ETC. (IMPRINT)
تاريخ النشر أو التوزيع 1993
300 ## - الوصف المادى
التعداد 257 P
650 04 - المدخل الاضافى بالموضوع-مصطلح موضوعى
مصطلح موضوعي ENVIRONMENTAL AUDITING
650 04 - المدخل الاضافى بالموضوع-مصطلح موضوعى
مصطلح موضوعي REAL ESTATE BUSINESS
942 ## - عناصر المدخل الإضافي( كوها)
مصدر التصنيف او مخطط الترفيف Dewey Decimal Classification
Koha [default] item type كتاب
260 ## - PUBLICATION, DISTRIBUTION, ETC. (IMPRINT)
-- [S.N] :
-- noyes publications ،
Holdings
حالة التراجع حالة الفقد حالة تلف ليس للاعارة المكان المؤقت الموقع الحالى تاريخ الاكتساب اجمالي اﻻعارات رقم الطلب الباركود تاريخ اخر مشاهدة تاريخ تفعيل السعر نوع وعاء كوها
        مكتبة القاهرة الكبرى مكتبة القاهرة الكبرى 03/26/2014   333.7\C P 44375 03/26/2014 03/26/2014 كتاب
        مكتبة القاهرة الكبرى مكتبة القاهرة الكبرى 03/26/2014   333.7\C P 44376 03/26/2014 03/26/2014 كتاب
        مكتبة القاهرة الكبرى مكتبة القاهرة الكبرى 03/26/2014   333.7\C P 44377 03/26/2014 03/26/2014 كتاب

Powered By

EGPV